00345 a2200121 450000500170000002000180001708200190003510000190005424500440007326000440011730000430016170000190020420250623163114.0 a0-632-02887-4 aLM 530.12 BAT  aBATTAGLIA, F.  aNotes in classical and quantum physics. aOxford, bBlackwell Scientific, c1990. axii, 272p.: ill.; figure.bIndexc25cm aGEORGE, T. F.